000
00252nam a22000977a 4500
999
_c
11706
_d
11706
008
200110b ||||| |||| 00| 0 eng d
020
_a
0590629859
100
_a
Osborne Pope Mary
_9
7376
245
_a
Pirates Past Noon
260
_a
New York
_b
Scholastic
_c
1996